Pascal Gaudet, Kant et la fondation architectonique de l’existence, Paris, L’Harmattan, 2011, 95 p., 11 €. Pascal Gaudet, L’Anthropologie transcendantale de Kant, Paris, L’Harmattan, 2011, 73 p., 11 € (notice n° 1658268)
[ vue normale ]
| 000 -LEADER | |
|---|---|
| fixed length control field | 00668cam a2200145 4500500 |
| 005 - DATE AND TIME OF LATEST TRANSACTION | |
| control field | 20260208010812.0 |
| 041 ## - LANGUAGE CODE | |
| Language code of text/sound track or separate title | fre |
| 042 ## - AUTHENTICATION CODE | |
| Authentication code | dc |
| 100 10 - MAIN ENTRY--PERSONAL NAME | |
| Personal name | Lequan, Mai |
| Relator term | author |
| 245 00 - TITLE STATEMENT | |
| Title | Pascal Gaudet, Kant et la fondation architectonique de l’existence, Paris, L’Harmattan, 2011, 95 p., 11 €. Pascal Gaudet, L’Anthropologie transcendantale de Kant, Paris, L’Harmattan, 2011, 73 p., 11 € |
| 260 ## - PUBLICATION, DISTRIBUTION, ETC. | |
| Date of publication, distribution, etc. | 2013.<br/> |
| 500 ## - GENERAL NOTE | |
| General note | 18 |
| 786 0# - DATA SOURCE ENTRY | |
| Note | Revue philosophique de la France et de l'étranger | 138 | 1 | 2013-02-18 | p. 99zf-141zf | 0035-3833 |
| 856 41 - ELECTRONIC LOCATION AND ACCESS | |
| Uniform Resource Identifier | <a href="https://shs.cairn.info/revue-philosophique-2013-1-page-99zf?lang=fr&redirect-ssocas=7080">https://shs.cairn.info/revue-philosophique-2013-1-page-99zf?lang=fr&redirect-ssocas=7080</a> |
Pas d'exemplaire disponible.




Réseaux sociaux